[Event "ODJM A 2022"]
[Site "Willingen GER"]
[Date "2022.06.05"]
[Round "2"]
[White "Nied, Pascal"]
[Black "Schimnatkowski, Lukas"]
[Result "1-0"]
[Termination "normal"]
[Board "2"]
[WhiteElo "2030"]
[BlackElo "2206"]
[WhiteClock "00:12:56"]
[BlackClock "00:09:21"]
[PlyCount "59"]
[WhiteFideId "16260597"]
[BlackFideId "12936723"]
[EventCountry "GER"]
[EventRounds "9"]
[EventType "swiss"]
[EventDate "2022.06.04"]

1. e4 {[%clk 1:30:57]} c5 {[%clk 1:30:48]} 2. Nf3 {[%clk 1:31:23]} d6 {[%clk
1:31:13]} 3. d4 {[%clk 1:31:47]} cxd4 {[%clk 1:31:37]} 4. Nxd4 {[%clk 1:32:13]}
Nf6 {[%clk 1:31:53]} 5. Nc3 {[%clk 1:32:37]} g6 {[%clk 1:32:17]} 6. Be2 {[%clk
1:32:59]} Bg7 {[%clk 1:32:14]} 7. Be3 {[%clk 1:33:20]} Nc6 {[%clk 1:29:28]} 8.
Qd2 {[%clk 1:32:47]} O-O {[%clk 1:19:44]} 9. O-O-O {[%clk 1:32:48]} Nxd4 {[%clk
1:13:23]} 10. Bxd4 {[%clk 1:33:09]} Be6 {[%clk 1:12:09]} 11. g4 {[%clk
1:30:14]} Nxg4 {[%clk 0:53:58]} 12. Bxg7 {[%clk 1:29:52]} Kxg7 {[%clk 0:54:16]}
13. f4 {[%clk 1:30:00]} Nf6 {[%clk 0:44:43]} 14. h4 {[%clk 1:07:10]} Qa5 {[%clk
0:36:51]} 15. h5 {[%clk 0:55:17]} Rac8 {[%clk 0:31:09]} 16. hxg6 {[%clk
0:37:24]} fxg6 {[%clk 0:29:38]} 17. f5 {[%clk 0:36:22]} Rxc3 {[%clk 0:14:44]}
18. fxe6 {[%clk 0:33:16]} Rc5 {[%clk 0:14:54]} 19. Qh6+ {[%clk 0:32:16]} Kg8
{[%clk 0:15:14]} 20. Rdg1 {[%clk 0:29:30]} g5 {[%clk 0:13:05]} 21. e5 {[%clk
0:29:21]} Rxe5 {[%clk 0:12:03]} 22. Bd3 {[%clk 0:29:40]} Rf7 {[%clk 0:10:17]}
23. exf7+ {[%clk 0:29:29]} Kxf7 {[%clk 0:10:43]} 24. a3 {[%clk 0:20:08]} Qd5
{[%clk 0:10:11]} 25. Bxh7 {[%clk 0:15:17]} Qa2 {[%clk 0:09:50]} 26. Bg6+ {[%clk
0:14:01]} Ke6 {[%clk 0:09:32]} 27. Rxg5 {[%clk 0:12:10]} Rxg5 {[%clk 0:09:01]}
28. Qxg5 {[%clk 0:12:30]} Qa1+ {[%clk 0:09:00]} 29. Kd2 {[%clk 0:12:56]} Qxh1
{[%clk 0:09:21]} 30. Qf5# 1-0

[Event "ODJM A 2022"]
[Site "Willingen GER"]
[Date "2022.06.05"]
[Round "2"]
[White "Koll, Linus"]
[Black "Brinkmann, Fabian"]
[Result "0-1"]
[Termination "normal"]
[Board "3"]
[WhiteElo "1989"]
[BlackElo "2126"]
[WhiteClock "00:01:20"]
[BlackClock "00:03:13"]
[PlyCount "112"]
[WhiteFideId "12990299"]
[BlackFideId "24661414"]
[EventCountry "GER"]
[EventRounds "9"]
[EventType "swiss"]
[EventDate "2022.06.04"]

1. e4 {[%clk 1:30:57]} c5 {[%clk 1:30:12]} 2. b3 {[%clk 1:31:18]} e6 {[%clk
1:30:05]} 3. Bb2 {[%clk 1:31:42]} Nf6 {[%clk 1:30:01]} 4. e5 {[%clk 1:30:23]}
Nd5 {[%clk 1:30:03]} 5. Nf3 {[%clk 1:30:00]} Nc6 {[%clk 1:28:53]} 6. Nc3 {[%clk
1:29:30]} Nxc3 {[%clk 1:27:42]} 7. dxc3 {[%clk 1:29:40]} d5 {[%clk 1:24:09]} 8.
exd6 {[%clk 1:22:12]} Qxd6 {[%clk 1:22:52]} 9. Qxd6 {[%clk 1:17:21]} Bxd6
{[%clk 1:23:19]} 10. O-O-O {[%clk 1:17:13]} Be7 {[%clk 1:19:57]} 11. Bb5 {[%clk
1:09:18]} Bd7 {[%clk 1:13:22]} 12. c4 {[%clk 1:08:06]} Bf6 {[%clk 1:06:26]} 13.
Ba3 {[%clk 0:57:19]} b6 {[%clk 1:02:50]} 14. Rd6 {[%clk 0:55:17]} Nb8 {[%clk
1:01:16]} 15. Bxd7+ {[%clk 0:51:53]} Nxd7 {[%clk 1:00:50]} 16. Rhd1 {[%clk
0:51:04]} O-O-O {[%clk 0:55:34]} 17. Bb2 {[%clk 0:37:55]} Nb8 {[%clk 0:47:35]}
18. Ne5 {[%clk 0:28:07]} Rxd6 {[%clk 0:44:46]} 19. Rxd6 {[%clk 0:28:32]} Rf8
{[%clk 0:39:21]} 20. Rd3 {[%clk 0:27:26]} Bg5+ {[%clk 0:34:32]} 21. Kd1 {[%clk
0:24:46]} f6 {[%clk 0:34:35]} 22. Nf3 {[%clk 0:24:16]} Bf4 {[%clk 0:34:50]} 23.
g3 {[%clk 0:22:10]} Bc7 {[%clk 0:32:24]} 24. Nd2 {[%clk 0:15:15]} Nc6 {[%clk
0:17:50]} 25. a3 {[%clk 0:14:35]} Be5 {[%clk 0:16:38]} 26. c3 {[%clk 0:12:35]}
g5 {[%clk 0:14:45]} 27. Ne4 {[%clk 0:11:51]} Rd8 {[%clk 0:11:24]} 28. Rxd8+
{[%clk 0:12:06]} Kxd8 {[%clk 0:11:53]} 29. Bc1 {[%clk 0:08:38]} g4 {[%clk
0:10:54]} 30. Kc2 {[%clk 0:07:06]} Ke7 {[%clk 0:11:11]} 31. Be3 {[%clk
0:06:49]} f5 {[%clk 0:10:10]} 32. Nd2 {[%clk 0:07:01]} a5 {[%clk 0:09:50]} 33.
b4 {[%clk 0:03:04]} axb4 {[%clk 0:09:15]} 34. cxb4 {[%clk 0:02:34]} cxb4 {[%clk
0:06:35]} 35. axb4 {[%clk 0:02:47]} Nxb4+ {[%clk 0:05:52]} 36. Kb3 {[%clk
0:03:12]} Nc6 {[%clk 0:06:12]} 37. Bxb6 {[%clk 0:03:34]} Bd4 {[%clk 0:05:56]}
38. Bxd4 {[%clk 0:03:27]} Nxd4+ {[%clk 0:06:24]} 39. Kc3 {[%clk 0:03:21]} e5
{[%clk 0:05:43]} 40. Kd3 {[%clk 0:02:18]} Kd6 {[%clk 0:04:01]} 41. Nf1 {[%clk
0:19:09]} h5 {[%clk 0:27:00]} 42. Ne3 {[%clk 0:19:07]} Ke6 {[%clk 0:27:18]} 43.
c5 {[%clk 0:18:30]} Nc6 {[%clk 0:12:38]} 44. Kc4 {[%clk 0:17:23]} f4 {[%clk
0:11:13]} 45. gxf4 {[%clk 0:13:05]} exf4 {[%clk 0:11:42]} 46. Nf1 {[%clk
0:07:29]} Ke5 {[%clk 0:10:01]} 47. Kd3 {[%clk 0:06:46]} Kd5 {[%clk 0:10:07]}
48. Nd2 {[%clk 0:06:45]} Ne5+ {[%clk 0:09:29]} 49. Ke2 {[%clk 0:06:37]} h4
{[%clk 0:06:49]} 50. Kf1 {[%clk 0:02:42]} h3 {[%clk 0:05:49]} 51. f3 {[%clk
0:01:54]} g3 {[%clk 0:05:59]} 52. hxg3 {[%clk 0:02:08]} fxg3 {[%clk 0:06:26]}
53. c6 {[%clk 0:02:00]} g2+ {[%clk 0:04:13]} 54. Kg1 {[%clk 0:02:12]} Nxc6
{[%clk 0:03:36]} 55. Ne4 {[%clk 0:01:05]} Nd4 {[%clk 0:03:51]} 56. Kf2 {[%clk
0:01:20]} Ne2 {[%clk 0:03:13]} 0-1

[Event "ODJM A 2022"]
[Site "Willingen GER"]
[Date "2022.06.05"]
[Round "2"]
[White "Wensing, Maximilian"]
[Black "Kamp, Adrian"]
[Result "1/2-1/2"]
[Termination "normal"]
[Board "4"]
[WhiteElo "2063"]
[BlackElo "1969"]
[WhiteClock "00:17:37"]
[BlackClock "00:02:31"]
[PlyCount "69"]
[WhiteFideId "16222415"]
[BlackFideId "16222466"]
[EventCountry "GER"]
[EventRounds "9"]
[EventType "swiss"]
[EventDate "2022.06.04"]

1. c4 {[%clk 1:30:57]} c5 {[%clk 1:30:38]} 2. g3 {[%clk 1:31:20]} Nc6 {[%clk
1:30:53]} 3. Bg2 {[%clk 1:31:43]} g6 {[%clk 1:30:55]} 4. Nc3 {[%clk 1:31:49]}
Bg7 {[%clk 1:31:12]} 5. Nf3 {[%clk 1:31:22]} d6 {[%clk 1:31:03]} 6. O-O {[%clk
1:31:39]} e5 {[%clk 1:30:04]} 7. Ne1 {[%clk 1:28:58]} Nge7 {[%clk 1:28:27]} 8.
Nc2 {[%clk 1:29:21]} O-O {[%clk 1:27:26]} 9. Ne3 {[%clk 1:29:32]} f5 {[%clk
1:20:10]} 10. Ned5 {[%clk 1:29:54]} f4 {[%clk 1:17:04]} 11. e3 {[%clk 1:15:45]}
Bf5 {[%clk 1:07:06]} 12. d3 {[%clk 1:06:35]} fxg3 {[%clk 1:01:17]} 13. fxg3
{[%clk 1:03:50]} Qd7 {[%clk 0:59:39]} 14. Nxe7+ {[%clk 0:57:25]} Nxe7 {[%clk
0:56:56]} 15. Nd5 {[%clk 0:56:56]} Kh8 {[%clk 0:53:55]} 16. Nxe7 {[%clk
0:56:28]} Qxe7 {[%clk 0:54:17]} 17. e4 {[%clk 0:53:48]} Bd7 {[%clk 0:52:39]}
18. Rxf8+ {[%clk 0:53:24]} Rxf8 {[%clk 0:52:46]} 19. a4 {[%clk 0:53:33]} Qf7
{[%clk 0:44:01]} 20. Be3 {[%clk 0:52:54]} h5 {[%clk 0:42:35]} 21. Qd2 {[%clk
0:50:24]} Kh7 {[%clk 0:38:17]} 22. b4 {[%clk 0:44:41]} Qe7 {[%clk 0:31:44]} 23.
bxc5 {[%clk 0:33:46]} dxc5 {[%clk 0:31:52]} 24. Qa5 {[%clk 0:34:11]} Qd6 {[%clk
0:23:28]} 25. Rd1 {[%clk 0:33:54]} b6 {[%clk 0:21:44]} 26. Qxa7 {[%clk
0:33:37]} Bh6 {[%clk 0:19:31]} 27. Bf2 {[%clk 0:30:37]} Kh8 {[%clk 0:18:44]}
28. h3 {[%clk 0:22:13]} h4 {[%clk 0:11:58]} 29. d4 {[%clk 0:17:00]} cxd4 {[%clk
0:06:36]} 30. g4 {[%clk 0:17:26]} Bg5 {[%clk 0:04:58]} 31. a5 {[%clk 0:17:41]}
bxa5 {[%clk 0:04:29]} 32. c5 {[%clk 0:18:06]} Qc6 {[%clk 0:04:03]} 33. Qxa5
{[%clk 0:18:30]} Rc8 {[%clk 0:03:43]} 34. Bf3 {[%clk 0:17:43]} Be7 {[%clk
0:02:31]} 35. Rc1 {[%clk 0:17:37]} 1/2-1/2

[Event "ODJM A 2022"]
[Site "Willingen GER"]
[Date "2022.06.05"]
[Round "2"]
[White "Reimer, Philip"]
[Black "Kotyk, Michael"]
[Result "1-0"]
[Termination "normal"]
[Board "5"]
[WhiteElo "1977"]
[BlackElo "2197"]
[WhiteClock "00:12:51"]
[BlackClock "00:52:31"]
[PlyCount "99"]
[WhiteFideId "16235860"]
[BlackFideId "16214501"]
[EventCountry "GER"]
[EventRounds "9"]
[EventType "swiss"]
[EventDate "2022.06.04"]

1. e4 {[%clk 1:30:56]} c6 {[%clk 1:30:57]} 2. d4 {[%clk 1:29:30]} g6 {[%clk
1:31:23]} 3. Nc3 {[%clk 1:29:18]} Bg7 {[%clk 1:31:30]} 4. f4 {[%clk 1:26:29]}
d5 {[%clk 1:31:09]} 5. e5 {[%clk 1:25:18]} h5 {[%clk 1:31:33]} 6. Nf3 {[%clk
1:23:40]} Nh6 {[%clk 1:31:57]} 7. Be3 {[%clk 1:20:54]} Bg4 {[%clk 1:32:19]} 8.
Qe2 {[%clk 1:06:58]} Nf5 {[%clk 1:31:55]} 9. Bf2 {[%clk 1:00:45]} e6 {[%clk
1:23:46]} 10. O-O-O {[%clk 0:49:18]} h4 {[%clk 1:23:52]} 11. Kb1 {[%clk
0:48:44]} h3 {[%clk 1:20:19]} 12. g3 Bf8 {[%clk 1:20:29]} 13. Qd3 {[%clk
0:44:51]} b5 {[%clk 1:18:04]} 14. Ne2 {[%clk 0:37:40]} Qb6 {[%clk 1:12:56]} 15.
Nc1 {[%clk 0:37:31]} Nd7 {[%clk 1:12:59]} 16. Be2 {[%clk 0:37:18]} Rc8 {[%clk
1:05:25]} 17. Ng1 {[%clk 0:33:08]} Nh6 {[%clk 1:02:15]} 18. Bxg4 {[%clk
0:21:57]} Nxg4 {[%clk 1:02:43]} 19. Be1 {[%clk 0:22:04]} c5 {[%clk 1:00:28]}
20. Qf3 {[%clk 0:22:10]} f5 {[%clk 0:59:34]} 21. exf6 {[%clk 0:22:12]} Ngxf6
{[%clk 0:55:30]} 22. Nge2 {[%clk 0:19:02]} c4 {[%clk 0:48:06]} 23. g4 {[%clk
0:18:59]} Bd6 {[%clk 0:41:58]} 24. Bg3 {[%clk 0:16:44]} Ne4 {[%clk 0:40:15]}
25. Nc3 {[%clk 0:11:22]} Ndf6 {[%clk 0:40:27]} 26. Nxe4 {[%clk 0:11:26]} Nxe4
{[%clk 0:40:31]} 27. Rhe1 {[%clk 0:11:23]} Kd7 {[%clk 0:40:08]} 28. Rxe4 {[%clk
0:11:08]} dxe4 {[%clk 0:40:35]} 29. Qxe4 {[%clk 0:11:30]} Qc6 {[%clk 0:36:57]}
30. Qxg6 {[%clk 0:09:53]} Qd5 {[%clk 0:37:21]} 31. Ne2 {[%clk 0:08:55]} b4
{[%clk 0:37:39]} 32. f5 {[%clk 0:08:05]} exf5 {[%clk 0:35:27]} 33. Qg7+ {[%clk
0:06:00]} Kc6 {[%clk 0:35:37]} 34. Bxd6 {[%clk 0:03:52]} Qxd6 {[%clk 0:34:40]}
35. Qxa7 {[%clk 0:03:47]} Rc7 {[%clk 0:31:38]} 36. d5+ {[%clk 0:02:50]} Kd7
{[%clk 0:32:07]} 37. Qa4+ {[%clk 0:02:12]} Kd8 {[%clk 0:30:01]} 38. Nd4 {[%clk
0:02:19]} Re8 {[%clk 0:30:30]} 39. Nxf5 {[%clk 0:00:59]} Qd7 {[%clk 0:29:50]}
40. Qxb4 {[%clk 0:00:39]} Re2 {[%clk 0:28:29]} 41. Qf8+ {[%clk 0:21:40]} Qe8
{[%clk 0:57:57]} 42. Qf6+ {[%clk 0:22:02]} Kd7 {[%clk 0:58:22]} 43. d6 {[%clk
0:21:42]} Rb7 {[%clk 0:57:09]} 44. Qg7+ {[%clk 0:15:15]} Kc8 {[%clk 0:56:59]}
45. Qd4 {[%clk 0:15:18]} Kd7 {[%clk 0:55:43]} 46. Qxc4 {[%clk 0:13:28]} Qe5
{[%clk 0:54:41]} 47. b3 {[%clk 0:12:49]} Rxh2 {[%clk 0:53:38]} 48. Ne7 {[%clk
0:12:34]} Ke8 {[%clk 0:52:03]} 49. Qc8+ {[%clk 0:12:34]} Kf7 {[%clk 0:52:31]}
50. Qg8+ {[%clk 0:12:51]} 1-0

[Event "ODJM A 2022"]
[Site "Willingen GER"]
[Date "2022.06.05"]
[Round "2"]
[White "Jenner, Meikel"]
[Black "Kardoeus, David"]
[Result "1/2-1/2"]
[Termination "normal"]
[Board "6"]
[WhiteElo "1981"]
[BlackElo "2142"]
[WhiteClock "01:02:33"]
[BlackClock "00:18:38"]
[PlyCount "37"]
[WhiteFideId "16245342"]
[BlackFideId "12912050"]
[EventCountry "GER"]
[EventRounds "9"]
[EventType "swiss"]
[EventDate "2022.06.04"]

1. d4 {[%clk 1:30:57]} Nf6 {[%clk 1:30:37]} 2. g4 {[%clk 1:31:12]} Nxg4 {[%clk
1:29:35]} 3. e4 {[%clk 1:29:44]} d5 {[%clk 1:26:10]} 4. Be2 {[%clk 1:30:00]} h5
{[%clk 1:25:13]} 5. h3 {[%clk 1:30:04]} Nh6 {[%clk 1:21:23]} 6. exd5 {[%clk
1:29:39]} Qxd5 {[%clk 1:20:09]} 7. Nf3 {[%clk 1:30:04]} e5 {[%clk 1:10:49]} 8.
c4 {[%clk 1:24:53]} Qe4 {[%clk 1:01:45]} 9. Nc3 {[%clk 1:19:19]} Bb4 {[%clk
0:40:47]} 10. Qa4+ {[%clk 1:19:11]} Nc6 {[%clk 0:41:06]} 11. d5 {[%clk
1:14:55]} Bd7 {[%clk 0:38:50]} 12. dxc6 {[%clk 1:13:41]} Bxc3+ {[%clk 0:33:56]}
13. bxc3 {[%clk 1:11:14]} Bxc6 {[%clk 0:34:21]} 14. Qb4 {[%clk 1:11:09]} Qf5
{[%clk 0:32:58]} 15. Qb1 {[%clk 1:08:39]} Be4 {[%clk 0:32:34]} 16. Qb5+ {[%clk
1:06:09]} Bc6 {[%clk 0:20:49]} 17. Qb1 {[%clk 1:01:55]} Be4 {[%clk 0:21:02]}
18. Qb5+ {[%clk 1:02:17]} Bc6 {[%clk 0:18:38]} 19. Qb1 {[%clk 1:02:33]} 1/2-1/2

[Event "ODJM A 2022"]
[Site "Willingen GER"]
[Date "2022.06.05"]
[Round "2"]
[White "Garbuz, Vitaly"]
[Black "Panjer, Sidney"]
[Result "0-1"]
[Termination "normal"]
[Board "7"]
[WhiteElo "2134"]
[BlackElo "2043"]
[WhiteClock "00:36:07"]
[BlackClock "00:03:46"]
[PlyCount "172"]
[WhiteFideId "12990710"]
[BlackFideId "16207041"]
[EventCountry "GER"]
[EventRounds "9"]
[EventType "swiss"]
[EventDate "2022.06.04"]

1. d4 {[%clk 1:30:57]} d5 {[%clk 1:30:29]} 2. Nc3 {[%clk 1:31:19]} e6 {[%clk
1:28:30]} 3. e4 {[%clk 1:31:06]} Nc6 {[%clk 1:28:30]} 4. e5 {[%clk 1:26:01]} a6
{[%clk 1:28:34]} 5. f4 {[%clk 1:26:08]} Bb4 {[%clk 1:27:16]} 6. Be3 {[%clk
1:14:16]} Nge7 {[%clk 1:23:09]} 7. Qd3 {[%clk 1:12:00]} Nf5 {[%clk 1:18:33]} 8.
Bf2 {[%clk 1:12:22]} h5 {[%clk 1:17:25]} 9. a3 {[%clk 1:12:10]} Ba5 {[%clk
1:14:55]} 10. Nf3 {[%clk 1:10:57]} Bd7 {[%clk 1:13:59]} 11. g3 {[%clk 1:08:56]}
Na7 {[%clk 1:08:14]} 12. b4 {[%clk 1:08:23]} Bb6 {[%clk 1:08:36]} 13. a4 {[%clk
1:04:17]} a5 {[%clk 0:58:38]} 14. b5 {[%clk 1:04:25]} c6 {[%clk 0:56:21]} 15.
Nd2 {[%clk 1:02:16]} cxb5 {[%clk 0:49:27]} 16. axb5 {[%clk 1:02:25]} Qc7 {[%clk
0:47:17]} 17. Nb3 {[%clk 1:02:38]} Rc8 {[%clk 0:41:59]} 18. Kd2 {[%clk
1:03:01]} O-O {[%clk 0:40:43]} 19. Be2 {[%clk 1:00:39]} Nxb5 {[%clk 0:32:31]}
20. Nxb5 {[%clk 0:59:35]} Bxb5 {[%clk 0:32:51]} 21. Qxb5 {[%clk 0:59:42]} Qc3+
{[%clk 0:33:10]} 22. Kd1 {[%clk 1:00:01]} Bxd4 {[%clk 0:29:06]} 23. Bxd4 {[%clk
1:00:07]} Qxc2+ {[%clk 0:27:48]} 24. Ke1 {[%clk 1:00:32]} Nxd4 {[%clk 0:26:19]}
25. Nxd4 {[%clk 0:57:59]} Qc3+ {[%clk 0:26:30]} 26. Kf2 {[%clk 0:57:34]} Qxd4+
{[%clk 0:26:46]} 27. Kg2 {[%clk 0:57:52]} Qe4+ {[%clk 0:24:23]} 28. Kf2 {[%clk
0:58:16]} Rc2 {[%clk 0:09:51]} 29. Rhd1 {[%clk 0:57:00]} Rfc8 {[%clk 0:04:02]}
30. Qd3 {[%clk 0:52:34]} Qb4 {[%clk 0:03:58]} 31. Rab1 {[%clk 0:52:25]} Rb2
{[%clk 0:03:03]} 32. Rxb2 {[%clk 0:50:09]} Qxb2 {[%clk 0:03:28]} 33. Rb1 {[%clk
0:50:24]} Qa2 {[%clk 0:03:38]} 34. Rxb7 {[%clk 0:50:34]} g6 {[%clk 0:03:50]}
35. f5 {[%clk 0:49:17]} gxf5 {[%clk 0:01:27]} 36. Qe3 {[%clk 0:49:32]} Rf8
{[%clk 0:00:41]} 37. Qg5+ {[%clk 0:48:36]} Kh8 {[%clk 0:01:10]} 38. Qxh5+
{[%clk 0:46:19]} Kg8 {[%clk 0:01:23]} 39. Qg5+ {[%clk 0:46:04]} Kh8 {[%clk
0:01:41]} 40. Qh5+ {[%clk 0:42:50]} Kg8 {[%clk 0:01:19]} 41. g4 {[%clk
0:42:15]} Qd2 {[%clk 0:29:32]} 42. Rb3 {[%clk 1:07:35]} Qd4+ {[%clk 0:27:24]}
43. Kf1 {[%clk 1:02:33]} Qa1+ {[%clk 0:20:39]} 44. Kg2 {[%clk 0:58:24]} Qxe5
{[%clk 0:20:26]} 45. gxf5 {[%clk 0:57:16]} Rc8 {[%clk 0:14:45]} 46. Rg3+ {[%clk
0:54:40]} Kf8 {[%clk 0:14:28]} 47. Qh6+ {[%clk 0:51:48]} Ke7 {[%clk 0:13:05]}
48. Qh4+ {[%clk 0:48:57]} Kd6 {[%clk 0:10:29]} 49. Bd3 {[%clk 0:45:28]} Qb2+
{[%clk 0:10:12]} 50. Kf3 {[%clk 0:44:25]} Qd2 {[%clk 0:09:29]} 51. Qf4+ {[%clk
0:39:38]} Qxf4+ {[%clk 0:09:55]} 52. Kxf4 {[%clk 0:40:03]} e5+ {[%clk 0:07:15]}
53. Kg5 {[%clk 0:40:19]} Rg8+ {[%clk 0:06:28]} 54. Kf6 {[%clk 0:40:27]} Rxg3
{[%clk 0:06:49]} 55. hxg3 {[%clk 0:40:52]} e4 {[%clk 0:06:51]} 56. Bb5 {[%clk
0:37:48]} Kc5 {[%clk 0:04:50]} 57. g4 {[%clk 0:36:17]} Kxb5 {[%clk 0:05:02]}
58. g5 {[%clk 0:36:41]} e3 {[%clk 0:05:24]} 59. g6 {[%clk 0:37:06]} fxg6 {[%clk
0:05:30]} 60. fxg6 {[%clk 0:37:31]} e2 {[%clk 0:05:58]} 61. g7 {[%clk 0:37:18]}
e1=Q {[%clk 0:06:05]} 62. g8=Q {[%clk 0:37:39]} Qf2+ {[%clk 0:05:11]} 63. Ke5
{[%clk 0:37:34]} Qe3+ {[%clk 0:05:32]} 64. Kd6 {[%clk 0:37:49]} Qc5+ {[%clk
0:05:04]} 65. Kd7 {[%clk 0:36:34]} a4 {[%clk 0:03:50]} 66. Qg3 {[%clk 0:35:32]}
d4 {[%clk 0:02:22]} 67. Qd3+ {[%clk 0:34:42]} Qc4 {[%clk 0:02:30]} 68. Qb1+
{[%clk 0:34:37]} Kc5 {[%clk 0:02:47]} 69. Ke7 {[%clk 0:33:55]} d3 {[%clk
0:02:43]} 70. Qg1+ {[%clk 0:33:26]} Qd4 {[%clk 0:02:21]} 71. Qc1+ {[%clk
0:33:37]} Kb5 {[%clk 0:02:38]} 72. Ke8 {[%clk 0:33:24]} d2 {[%clk 0:02:25]} 73.
Qb1+ {[%clk 0:33:29]} Kc4 {[%clk 0:02:34]} 74. Qc2+ {[%clk 0:33:45]} Kd5 {[%clk
0:02:59]} 75. Qa2+ {[%clk 0:34:02]} Ke4 {[%clk 0:03:21]} 76. Qb1+ {[%clk
0:34:02]} Ke3 {[%clk 0:03:34]} 77. Qg1+ {[%clk 0:34:00]} Kd3 {[%clk 0:03:48]}
78. Qb1+ {[%clk 0:34:21]} Ke2 {[%clk 0:04:07]} 79. Qb5+ {[%clk 0:34:44]} Qd3
{[%clk 0:03:56]} 80. Qh5+ {[%clk 0:35:04]} Qf3 {[%clk 0:04:03]} 81. Qh2+ {[%clk
0:35:05]} Qf2 {[%clk 0:03:45]} 82. Qh5+ {[%clk 0:35:26]} Qf3 {[%clk 0:03:17]}
83. Qh2+ {[%clk 0:35:35]} Kd1 {[%clk 0:03:09]} 84. Qg1+ {[%clk 0:35:46]} Kc2
{[%clk 0:03:24]} 85. Qc5+ {[%clk 0:35:48]} Qc3 {[%clk 0:03:28]} 86. Qf5+ {[%clk
0:36:07]} Kc1 {[%clk 0:03:46]} 0-1

[Event "ODJM A 2022"]
[Site "Willingen GER"]
[Date "2022.06.05"]
[Round "2"]
[White "Köhler, Lukas"]
[Black "Fuchs, Florian"]
[Result "1-0"]
[Termination "normal"]
[Board "8"]
[WhiteElo "2099"]
[BlackElo "1920"]
[WhiteClock "00:01:02"]
[BlackClock "00:27:15"]
[PlyCount "81"]
[WhiteFideId "16221990"]
[BlackFideId "16213351"]
[EventCountry "GER"]
[EventRounds "9"]
[EventType "swiss"]
[EventDate "2022.06.04"]

1. d4 {[%clk 1:30:55]} e6 {[%clk 1:30:56]} 2. c4 {[%clk 1:31:09]} Nf6 {[%clk
1:31:20]} 3. Nc3 {[%clk 1:31:06]} Bb4 {[%clk 1:31:34]} 4. e3 {[%clk 1:31:20]}
c5 {[%clk 1:31:38]} 5. Nge2 {[%clk 1:30:42]} cxd4 {[%clk 1:25:26]} 6. exd4
{[%clk 1:29:44]} d5 {[%clk 1:25:13]} 7. a3 {[%clk 1:25:06]} Be7 {[%clk
1:25:24]} 8. Nf4 {[%clk 1:23:30]} Nc6 {[%clk 1:23:13]} 9. cxd5 {[%clk 1:06:51]}
Nxd5 {[%clk 1:21:33]} 10. Ncxd5 {[%clk 1:03:47]} exd5 {[%clk 1:20:44]} 11. Be2
{[%clk 1:00:28]} Bf6 {[%clk 1:16:57]} 12. Be3 {[%clk 0:58:46]} Qd6 {[%clk
1:13:32]} 13. Qd2 {[%clk 0:42:49]} O-O {[%clk 1:12:02]} 14. O-O {[%clk
0:41:34]} g6 {[%clk 1:07:34]} 15. Bf3 {[%clk 0:41:05]} Ne7 {[%clk 1:05:56]} 16.
Rfe1 {[%clk 0:38:37]} b6 {[%clk 1:01:13]} 17. Nd3 {[%clk 0:35:08]} Nf5 {[%clk
0:58:55]} 18. Bf4 {[%clk 0:29:59]} Qd8 {[%clk 0:58:55]} 19. Ne5 {[%clk
0:29:08]} g5 {[%clk 0:54:21]} 20. Bg3 {[%clk 0:19:23]} Nxg3 {[%clk 0:54:34]}
21. hxg3 {[%clk 0:18:14]} Bb7 {[%clk 0:52:31]} 22. Qd3 {[%clk 0:14:37]} Bg7
{[%clk 0:49:30]} 23. Bd1 {[%clk 0:13:49]} a5 {[%clk 0:42:02]} 24. Bc2 {[%clk
0:13:02]} f5 {[%clk 0:42:04]} 25. g4 {[%clk 0:12:54]} Bc8 {[%clk 0:41:09]} 26.
Qh3 {[%clk 0:07:46]} Qf6 {[%clk 0:41:33]} 27. Rac1 {[%clk 0:06:12]} h6 {[%clk
0:40:49]} 28. Qd3 {[%clk 0:01:33]} Qd6 {[%clk 0:41:15]} 29. Bb1 {[%clk
0:01:32]} Bxe5 {[%clk 0:39:12]} 30. Rxe5 {[%clk 0:00:51]} Ba6 {[%clk 0:39:03]}
31. Qe3 {[%clk 0:00:58]} f4 {[%clk 0:39:30]} 32. Qe1 {[%clk 0:01:04]} Rf6
{[%clk 0:38:53]} 33. Bf5 {[%clk 0:01:10]} Bc4 {[%clk 0:38:48]} 34. Qd2 {[%clk
0:00:59]} Kf7 {[%clk 0:37:30]} 35. Rce1 {[%clk 0:01:24]} b5 {[%clk 0:26:36]}
36. Qc3 {[%clk 0:01:08]} a4 {[%clk 0:26:42]} 37. Qh3 {[%clk 0:01:23]} Ra7
{[%clk 0:26:39]} 38. Qh5+ {[%clk 0:01:18]} Kg7 {[%clk 0:27:01]} 39. Re6 {[%clk
0:01:10]} Qd8 {[%clk 0:26:51]} 40. Rxf6 {[%clk 0:01:02]} Qxf6 {[%clk 0:27:15]}
41. Re6 1-0

[Event "ODJM A 2022"]
[Site "Willingen GER"]
[Date "2022.06.05"]
[Round "2"]
[White "Struck, Lasse"]
[Black "Kracht, Raphael"]
[Result "1-0"]
[Termination "normal"]
[Board "9"]
[WhiteElo "1847"]
[BlackElo "2086"]
[WhiteClock "00:20:17"]
[BlackClock "00:28:31"]
[PlyCount "75"]
[WhiteFideId "16255623"]
[BlackFideId "16214382"]
[EventCountry "GER"]
[EventRounds "9"]
[EventType "swiss"]
[EventDate "2022.06.04"]

1. d4 {[%clk 1:30:57]} Nf6 {[%clk 1:26:58]} 2. c4 {[%clk 1:31:18]} e6 {[%clk
1:27:25]} 3. g3 {[%clk 1:31:42]} d5 {[%clk 1:27:41]} 4. Bg2 {[%clk 1:32:06]}
Be7 {[%clk 1:28:07]} 5. Nf3 {[%clk 1:32:29]} O-O {[%clk 1:28:32]} 6. O-O {[%clk
1:32:50]} dxc4 {[%clk 1:28:59]} 7. Qc2 {[%clk 1:32:38]} a6 {[%clk 1:29:24]} 8.
a4 {[%clk 1:33:03]} Bd7 {[%clk 1:29:31]} 9. Rd1 {[%clk 1:33:24]} Bc6 {[%clk
1:23:15]} 10. Nc3 {[%clk 1:33:47]} Bxf3 {[%clk 1:19:01]} 11. Bxf3 {[%clk
1:34:12]} c6 {[%clk 1:19:24]} 12. e4 {[%clk 1:11:15]} a5 {[%clk 1:19:19]} 13.
Qe2 {[%clk 1:06:38]} Na6 {[%clk 1:17:15]} 14. d5 {[%clk 1:04:17]} e5 {[%clk
0:59:12]} 15. dxc6 {[%clk 1:00:59]} Qc7 {[%clk 0:59:17]} 16. Nd5 {[%clk
0:55:09]} Nxd5 {[%clk 0:58:40]} 17. exd5 {[%clk 0:53:48]} Bd6 {[%clk 0:58:31]}
18. Qxc4 {[%clk 0:51:33]} f5 {[%clk 0:58:35]} 19. Be3 {[%clk 0:44:14]} b6
{[%clk 0:53:43]} 20. Qb5 {[%clk 0:39:51]} Nc5 {[%clk 0:53:54]} 21. b4 {[%clk
0:36:48]} axb4 {[%clk 0:53:53]} 22. a5 {[%clk 0:36:55]} bxa5 {[%clk 0:35:13]}
23. Bxc5 {[%clk 0:36:39]} Rfb8 {[%clk 0:35:38]} 24. Qc4 {[%clk 0:35:13]} e4
{[%clk 0:33:50]} 25. Be2 {[%clk 0:34:42]} Kh8 {[%clk 0:31:56]} 26. Bxd6 {[%clk
0:30:16]} Qxd6 {[%clk 0:32:16]} 27. c7 {[%clk 0:28:11]} Rc8 {[%clk 0:32:25]}
28. Rdc1 {[%clk 0:26:56]} b3 {[%clk 0:31:27]} 29. Qxb3 {[%clk 0:26:24]} Rxc7
{[%clk 0:31:48]} 30. Rxc7 {[%clk 0:26:09]} Qxc7 {[%clk 0:32:12]} 31. Qb5 {[%clk
0:25:28]} Qe5 {[%clk 0:30:34]} 32. Rxa5 {[%clk 0:24:01]} Rb8 {[%clk 0:30:57]}
33. Qc5 {[%clk 0:22:26]} f4 {[%clk 0:30:59]} 34. d6 {[%clk 0:22:06]} Qe6 {[%clk
0:30:04]} 35. Qe5 {[%clk 0:19:58]} Qh3 {[%clk 0:29:03]} 36. Qxe4 {[%clk
0:19:51]} fxg3 {[%clk 0:28:09]} 37. hxg3 {[%clk 0:19:58]} Rc8 {[%clk 0:28:31]}
38. Ra8 {[%clk 0:20:17]} 1-0